Love in the time of cholera (Record no. 968)

MARC details
000 -LEADER
fixed length control field 00538 a2200169 4500
001 - CONTROL NUMBER
control field 066978
003 - CONTROL NUMBER IDENTIFIER
control field OSt
005 - DATE AND TIME OF LATEST TRANSACTION
control field 20211022123359.0
008 - FIXED-LENGTH DATA ELEMENTS--GENERAL INFORMATION
fixed length control field
082 ## - DEWEY DECIMAL CLASSIFICATION NUMBER
Classification number 863
Item number M34L
100 1# - MAIN ENTRY--PERSONAL NAME
Personal name Marquez, Gabriel Garcia
245 1# - TITLE STATEMENT
Title Love in the time of cholera
Statement of responsibility, etc by Gabriel García Marquez
260 ## - PUBLICATION, DISTRIBUTION, ETC. (IMPRINT)
Place of publication, distribution, etc Delhi
Name of publisher, distributor, etc Penguin Book
Date of publication, distribution, etc 1989
300 ## - PHYSICAL DESCRIPTION
Extent 348p.
690 ## - LOCAL SUBJECT ADDED ENTRY--TOPICAL TERM (OCLC, RLIN)
Topical term or geographic name as entry element Colombia; Colombian fiction; Romance fiction; Courtship; Man-woman relationships; Unrequited love; Spanish fiction; First loves
942 ## - ADDED ENTRY ELEMENTS (KOHA)
Source of classification or shelving scheme Dewey Decimal Classification
Koha item type Books
Holdings
Withdrawn status Lost status Source of classification or shelving scheme Damaged status Not for loan Collection code Home library Current library Date acquired Source of acquisition Cost, normal purchase price Total Checkouts Full call number Barcode Date last seen Date checked out Price effective from Koha item type
    Dewey Decimal Classification     General Text Book Central University Of Rajasthan Central University Of Rajasthan 07/03/2012 ENG 299.00 9 863 M34L 1264 23/03/2026 11/03/2026 02/09/2020 Books